00800nam a22002417a 450000500170000001000130001702000110003003500130004103700160005404000120007008200130008210000290009524500600012426000360018427000680022030000270028850000410031565000190035665000180037594200220039399900190041595201240043420170124105950.0 aA-689340 c300.00 aA-689340 bCen Lib/Ret aDPLbEN a291bPUR aPuri, Gopal Singh911529 aSelf realisation and sikh faith /cby Gopal Singh Puri  aNew Delhi bFalcon Books c1992 bNew Delhi aB-70/72, D.S.I.D.C. complex, lawrence road e110035 axvi, 232p. :c19cm(Hb) aIncludes bibliographical references  aSikhism 93669 aFaith 978658 2ddccENh291mPUR c125230d125230 00104070aLbLd2015-06-20eCen Lib/Retg300.00l0o291 PURpA-689340r2015-06-20 00:00:00t1v300.00w2015-06-20yEN